Comuni della Lombardia - Quiz n°3 - Statistics

Statistiche generali
  • Questo quiz è stato fatto 8 volte
  • Il punteggio medio è 13 su 359
Statistiche sulle risposte
Provincia Comune % Corretto
Lodi
100%
Pavia
88%
Cremona
75%
Crema
63%
Casalpusterlengo
50%
Codogno
50%
Stradella
38%
Vigevano
38%
Lomello
25%
Mortara
25%
Palestro
25%
Pizzighettone
25%
Robbio
25%
Romagnese
25%
Soncino
25%
Voghera
25%
Lodi Abbadia Cerreto
13%
Cremona Acquanegra Cremonese
13%
Albaredo Arnaboldi
13%
Belgioioso
13%
Borghetto Lodigiano
13%
Bornasco
13%
Broni
13%
Campagnola Cremasca
13%
Campospinoso
13%
Casalmaggiore
13%
Lodi Casalmaiocco
13%
Castelleone
13%
Castelverde
13%
Cilavegna
13%
Comazzo
13%
Crotta d'Adda
13%
Dorno
13%
Gambolò
13%
Pavia Garlasco
13%
Landriano
13%
Lodi Vecchio
13%
Maleo
13%
Mede
13%
Merlino
13%
Miradolo Terme
13%
Montù Beccaria
13%
Mulazzano
13%
Offanengo
13%
Pandino
13%
Parona
13%
Rognano
13%
Rosasco
13%
Rovescala
13%
San Daniele Po
13%
San Martino Siccomario
13%
San Rocco al Porto
13%
Sant'Angelo Lodigiano
13%
San Zenone al Po
13%
Sartirana Lomellina
13%
Siziano
13%
Soresina
13%
Tromello
13%
Varzi
13%
Vescovato
13%
Vidigulfo
13%
Zavattarello
13%
Zeccone
13%
Agnadello
0%
Pavia Alagna
0%
Albonese
0%
Albuzzano
0%
Annicco
0%
Arena Po
0%
Azzanello
0%
Badia Pavese
0%
Bagnaria
0%
Bagnolo Cremasco
0%
Barbariello
0%
Bascapé
0%
Bastida Pancarana
0%
Battuda
0%
Bereguardo
0%
Bertonico
0%
Boffalora d'Adda
0%
Bonemerse
0%
Bordolano
0%
Borgarello
0%
Borgo Piolo
0%
Borgoratto Mormorolo
0%
Borgo San Giovanni
0%
Borgo San Siro
0%
Bosnasco
0%
Brallo di Pregola
0%
Brembio
0%
Breme
0%
Bressana Bottarone
0%
Calvatone
0%
Calvignano
0%
Camisano
0%
Candia Lomellina
0%
Canneto Pavese
0%
Capergnanica
0%
Cappella Cantone
0%
Cappella de' Picenardi
0%
Capralba
0%
Carbonara al Ticino
0%
Casalbuttano ed Uniti
0%
Casale Cremasco-Vidolasco
0%
Casaletto Ceredano
0%
Casaletto di Sopra
0%
Casaletto Vaprio
0%
Casalmorano
0%
Casanova Lonati
0%
Casatisma
0%
Casei Gerola
0%
Caseletto Lodigiano
0%
Caselle Landi
0%
Caselle Lurani
0%
Casorate Primo
0%
Cassolnovo
0%
Castana
0%
Casteggio
0%
Casteldidone
0%
Castel Gabbiano
0%
Castelgerundo
0%
Castelletto di Branduzzo
0%
Castello d'Agogna
0%
Castelnovetto
0%
Castelnuovo Bocca d'Adda
0%
Castelvisconti
0%
Castiglione d'Adda
0%
Castiraga Vidardo
0%
Cava Manara
0%
Cavenago d'Adda
0%
Cecima
0%
Cella Dati
0%
Ceranova
0%
Ceretto Lomellina
0%
Cergnago
0%
Certosa di Pavia
0%
Cervesina
0%
Cervignano d'Adda
0%
Chieve
0%
Chignolo Po
0%
Cicognolo
0%
Cigognola
0%
Cingia de' Botti
0%
Codevilla
0%
Colli Verdi
0%
Confienza
0%
Copiano
0%
Corana
0%
Cornale
0%
Cornegliano Laudense
0%
Corno Giovine
0%
Cornovecchio
0%
Corte de' Cortesi con Cignone
0%
Corte de' Frati
0%
Corteolona e Genzone
0%
Corte Palasio
0%
Corvino San Quirico
0%
Costa de' Nobili
0%
Cozzo
0%
Credera Rubbiano
0%
Cremosano
0%
Crespiatica
0%
Cumignano sul Naviglio
0%
Cura Carpignano
0%
Derovere
0%
Dovera
0%
Ferrera Erbognone
0%
Fiesco
0%
Filighera
0%
Fombio
0%
Formigara
0%
Fortunago
0%
Frascaroo
0%
Gabbioneta-Binanuova
0%
Gadesco-Pieve Delmona
0%
Galgagnano
0%
Galliavola
0%
Gambarana
0%
Genivolta
0%
Gerenzago
0%
Gerre de' Caprioli
0%
Giussago
0%
Godiasco Salice Terme
0%
Golferenzo
0%
Gombito
0%
Graffignana
0%
Gravellona Lomellina
0%
Grontardo
0%
Gropello Cairoli
0%
Grumello Cremonese ed Uniti
0%
Guardamiglio
0%
Gussola
0%
Inverno e Monteleone
0%
Isola Dovarese
0%
Izano
0%
Langosco
0%
Lardirago
0%
Linarolo
0%
Lirio
0%
Livraga
0%
Lungavilla
0%
Maccastorna
0%
Madignano
0%
Magherno
0%
Mairago
0%
Malagnino
0%
Marcignago
0%
Martignana di Po
0%
Marudo
0%
Marzano
0%
Massalengo
0%
Meleti
0%
Menconico
0%
Mezzana Bigli
0%
Mezzana Rabattone
0%
Mezzanino
0%
Montalto Pavese
0%
Montanaso Lombardo
0%
Montebello della Battaglia
0%
Montecalvo Versiggia
0%
Monte Cremasco
0%
Montescano
0%
Montesegale
0%
Monticelli Pavese
0%
Montodine
0%
Mornico Losana
0%
Moscazzano
0%
Motta Baluffi
0%
Nicorno
0%
Olevano di Lomellina
0%
Oliva Gessi
0%
Olmeneta
0%
Orio Litta
0%
Ospedaletto Lodigiano
0%
Ossago Lodigiano
0%
Ostiano
0%
Ottobiano
0%
Palazzo Pignano
0%
Pancarana
0%
Pderno Ponchielli
0%
Persico Dosimo
0%
Pescarolo ed Uniti
0%
Pessina Cremonese
0%
Piadenza Drizzona
0%
Pianengo
0%
Pieranica
0%
Pietra de' Giorgi
0%
Pieve Albignola
0%
Pieve del Cairo
0%
Pieve d'Olmi
0%
Pieve Fissiraga
0%
Pieve Porto Morone
0%
Pieve San Giacomo
0%
Pinarolo Po
0%
Pizzale
0%
Ponte Nizza
0%
Portalbera
0%
Pozzaglio ed Uniti
0%
Quintano
0%
Rea
0%
Rebecco Pavese
0%
Redavalle
0%
Retorbido
0%
Ricegno
0%
Ripalta Arpina
0%
Ripalta Cremasca
0%
Ripalta Guerina
0%
Rivanazzano Terme
0%
Rivarolo del Re ed Uniti
0%
Rivolta d'Adda
0%
Robecco d'Oglio
0%
Rocca de' Giorgi
0%
Rocca Susella
0%
Romanengo
0%
Roncaro
0%
Salerano sul Lambro
0%
Salvirola
0%
Sam Cipriano Po
0%
San Bassano
0%
San Damiano al Colle
0%
San Fiorano
0%
San Genesio ed Uniti
0%
San Giorgio di Lomellina
0%
San Giovanni in Croce
0%
San Martino del Lago
0%
San Martino in Strada
0%
Sannazzaro de' Burgondi
0%
Santa Cristina e Bissone
0%
Santa Giulietta
0%
Sant'Alessio con Vialone
0%
Santa Margherita di Staffora
0%
Santa Maria della Versa
0%
Sant'Angelo Lomellina
0%
Santo Stefano Lodigiano
0%
Scaldasole
0%
Scandolara Ravara
0%
Scandolara Ripa d'Oglio
0%
Secugnago
0%
Semiana
0%
Senna Lodigiana
0%
Sergnano
0%
Sesto ed Uniti
0%
Silvano Pietra
0%
Solarolo Rainerio
0%
Somaglia
0%
Sommo
0%
Sordio
0%
Sospiro
0%
Spessa
0%
Spinadesco
0%
Spineda
0%
Spino d'Adda
0%
Stagno Lombardo
0%
Suardi
0%
Tavazzano con Villavesco
0%
Terranuova dei Passerini
0%
Ticegno
0%
Torlino Vimercati
0%
Tornata
0%
Torrazza Coste
0%
Torre Berretti e Castellaro
0%
Torre d'Arese
0%
Torre de'Negri
0%
Torre de' Picenardi
0%
Torre d'Isola
0%
Torrevecchia Pia
0%
Torricella del Pizzo
0%
Torricella Verzate
0%
Travacò Siccomario
0%
Trescore Cremasco
0%
Trigolo
0%
Trivolzio
0%
Trovo
0%
Turano Lodigiano
0%
Vaiano Cremasco
0%
Vailate
0%
Val di Nizza
0%
Valeggio
0%
Valera Fratta
0%
Valle Lomellina
0%
Valle Salimbene
0%
Velezzo Lomellina
0%
Vellezzo Bellini
0%
Verretto
0%
Verrua Po
0%
Villa Biscossi
0%
Villanova d'Ardenghi
0%
Villanova del Sillaro
0%
Villanterio
0%
Vistarino
0%
Vologno
0%
Volpara
0%
Voltido
0%
Zelo Buon Perisco
0%
Zeme
0%
Zenevredo
0%
Zerbo
0%
Zerbolò
0%
Zinasco
0%
Nessun quiz corrispondente trovato
Distribuzione punteggi
Percentuale di utenti per punteggio
Percentile per numero di risposta
I tuoi punteggi nel tempo
Non hai fatto questo quiz